[Event "Titled Tue 27th May Early"]
[Site "chess.com INT"]
[Date "2025.05.27"]
[Round "3"]
[White "Keneshbekov, Elim"]
[Black "Gubajdullin, Alexei"]
[Result "1-0"]
[WhiteTitle "CM"]
[BlackTitle "FM"]
[WhiteElo "1867"]
[BlackElo "2227"]
[WhiteFideId "13816772"]
[BlackFideId "4141202"]
[EventDate "2025.05.27"]

1. e4 c5 2. Nf3 d6 3. c3 Nf6 4. Be2 g6 5. O-O Bg7 6. d3 O-O 7. Nbd2 Bg4 8. Re1
Nc6 9. h3 Bxf3 10. Nxf3 b5 11. Bf1 b4 12. Bd2 bxc3 13. bxc3 Rb8 14. Qc1 Nd7 15.
Bh6 Qa5 16. Bxg7 Kxg7 17. d4 Rb6 18. e5 cxd4 19. cxd4 dxe5 20. dxe5 Ncxe5 21.
Nd4 Qd5 22. Qf4 Rf6 23. Qh4 Rb8 24. Rad1 Qc5 25. Kh1 Rb4 26. Re4 Rb2 27. f4 Nc6
28. Nxc6 Qxc6 29. Rxe7 Nc5 30. Rd8 Ne6 31. Rh8 h5 32. Rh7+ Kxh7 33. Qxf6 Nd8 34.
Qxb2 Qc5 35. Re1 Qa5 36. Qe5 Qxa2 37. Qf6 Qd2 38. Ra1 a5 39. Bc4 Qd7 40. Rxa5
Qc7 41. Ra4 h4 42. Qxh4+ Kg7 43. f5 Qc6 44. f6+ Kg8 45. Qh6 1-0

[Event "Titled Tue 27th May Early"]
[Site "chess.com INT"]
[Date "2025.05.27"]
[Round "3"]
[White "Ramsdal, Jens Albert"]
[Black "Khamdamova, Afruza"]
[Result "0-1"]
[WhiteTitle "FM"]
[BlackTitle "WIM"]
[WhiteElo "2351"]
[BlackElo "2344"]
[WhiteFideId "1429221"]
[BlackFideId "14210444"]
[EventDate "2025.05.27"]

1. e4 e5 2. Nf3 Nc6 3. Bb5 a6 4. Bxc6 dxc6 5. O-O f6 6. d4 exd4 7. Qxd4 Qxd4 8.
Nxd4 c5 9. Ne2 Be6 10. Bf4 O-O-O 11. Nbc3 Ne7 12. Rfd1 Re8 13. Ng3 Nc6 14. Nd5
Ne5 15. Bxe5 fxe5 16. c4 c6 17. Ne3 g6 18. Rd3 Be7 19. Rad1 h5 20. b3 h4 21.
Ngf1 h3 22. g3 Rhf8 23. Rc1 Rf7 24. Rc2 Ref8 25. Rdd2 Kc7 26. Rd3 Kb6 27. Rdd2
Ka5 28. Rd3 b5 29. Rdd2 Kb4 30. Re2 Rd8 31. Red2 Rff8 32. a3+ Kxb3 33. a4 Rxd2
34. Nxd2+ Kxa4 35. Ra2+ Kb4 36. Rxa6 Bxc4 37. Ndxc4 bxc4 38. Rxc6 Bg5 39. Nd5+
Kb5 40. Rxg6 Bd2 41. Rb6+ Ka5 42. Rc6 Bb4 43. Kf1 c3 44. Ne3 Kb5 45. Rh6 c4 46.
Rh5 Bc5 47. Rxe5 Kc6 48. Rxc5+ Kxc5 49. f4 Kd4 50. Ke2 Kxe4 51. Nxc4 Rd8 52. Ne3
Rd2+ 53. Ke1 Kxe3 0-1

[Event "Titled Tue 27th May Early"]
[Site "chess.com INT"]
[Date "2025.05.27"]
[Round "3"]
[White "Zaw, Ye Htut"]
[Black "Perez Rojas, Jorge"]
[Result "0-1"]
[WhiteTitle "CM"]
[BlackTitle "FM"]
[WhiteElo "2180"]
[BlackElo "2100"]
[WhiteFideId "13013955"]
[BlackFideId "3452093"]
[EventDate "2025.05.27"]

1. e4 e6 2. d4 d5 3. Nd2 Nf6 4. e5 Nfd7 5. f4 c5 6. Ndf3 Nc6 7. c3 a6 8. Bd3 b5
9. Ne2 Qb6 10. O-O b4 11. Kh1 g6 12. cxb4 cxd4 13. a3 Be7 14. Nexd4 Nxd4 15. Be3
a5 16. Bxd4 Qb8 17. bxa5 Rxa5 18. b4 Ra8 19. Ng5 h6 20. Nxe6 fxe6 21. Bxg6+ Kd8
22. Qg4 Nf8 23. Bf7 Bd7 24. Bg8 Qb5 25. Qg7 Rxg8 26. Qxg8 Rxa3 27. Rac1 Rd3 28.
Bc5 Bxc5 29. bxc5 Ke8 30. f5 exf5 31. c6 Be6 32. c7 Rc3 33. c8=Q+ Rxc8 34. Rxc8+
Bxc8 35. Rc1 Be6 36. Qg7 Qd7 37. Qxh6 Qe7 38. Qh5+ Qf7 39. Qe2 d4 40. Qb5+ Qd7
41. Rc8+ Kf7 42. Qxd7+ Nxd7 43. Rc7 d3 44. Rc3 Nxe5 45. Kg1 d2 0-1

[Event "Titled Tue 27th May Early"]
[Site "chess.com INT"]
[Date "2025.05.27"]
[Round "3"]
[White "Soham, Kamotra"]
[Black "Nguyen, Quoc Hy"]
[Result "0-1"]
[WhiteTitle "IM"]
[BlackTitle "FM"]
[WhiteElo "2407"]
[BlackElo "2389"]
[WhiteFideId "46647490"]
[BlackFideId "12410853"]
[EventDate "2025.05.27"]

1. Nf3 d5 2. e3 Nf6 3. b3 Bg4 4. Ba3 g6 5. d4 Bg7 6. Nbd2 O-O 7. Bd3 Re8 8. O-O
Nbd7 9. h3 Bxf3 10. Nxf3 e5 11. dxe5 Nxe5 12. Nxe5 Rxe5 13. Bb2 Re7 14. c4 Qd6
15. Qc2 Nh5 16. Rfd1 Bxb2 17. Qxb2 Qf6 18. Qc2 d4 19. exd4 Nf4 20. Bf1 Rae8 21.
Rd2 Re1 22. Rxe1 Rxe1 23. Rd1 Ne2+ 24. Qxe2 Rxe2 25. Bxe2 Qf5 26. Bd3 Qa5 27.
Bb1 Kg7 28. Kf1 Qc3 29. Be4 b6 30. Ke2 a5 31. g3 a4 32. Rd2 axb3 33. axb3 Qxb3
34. Bd3 Qc3 35. d5 Kf6 36. Rc2 Qa1 37. h4 Ke5 38. Rd2 Kd6 39. Ke3 Qe1+ 40. Be2
Qc1 41. Bd3 Kc5 42. Ke2 Qa1 43. Kf3 Qc3 44. Ke2 f5 45. Ke3 Qd4+ 46. Ke2 f4 47.
Rc2 fxg3 48. fxg3 Qg1 49. Kf3 Kd4 50. Be2 Qe3+ 51. Kg2 Qe4+ 0-1

[Event "Titled Tue 27th May Early"]
[Site "chess.com INT"]
[Date "2025.05.27"]
[Round "3"]
[White "Kosakowski, Jakub"]
[Black "Burmakin, Vladimir"]
[Result "0-1"]
[WhiteTitle "GM"]
[BlackTitle "GM"]
[WhiteElo "2530"]
[BlackElo "2435"]
[WhiteFideId "1185080"]
[BlackFideId "4105109"]
[EventDate "2025.05.27"]

1. e4 c6 2. d4 d5 3. e5 Bf5 4. Ne2 e6 5. Ng3 Bg6 6. h4 h5 7. c4 dxc4 8. Bxc4 Ne7
9. Nc3 Nf5 10. Bg5 Qb6 11. Nxf5 Bxf5 12. O-O Nd7 13. a3 Be7 14. Bxe7 Kxe7 15.
Qd2 Kf8 16. b4 Rd8 17. Qf4 Rh6 18. Rad1 Rg6 19. Be2 Rh6 20. Bd3 Bxd3 21. Rxd3
Qa6 22. Rf3 f6 23. Ne4 f5 24. Nd6 Qb6 25. Qg5 Qc7 26. Rc1 Nf6 27. exf6 Rxd6 28.
fxg7+ Qxg7 29. Qf4 Rd8 30. Re1 Rg6 31. g3 Qxd4 32. Qc7 Qd7 33. Qa5 a6 34. Qe5
Kf7 35. Kh2 Qd5 36. Qf4 Qd6 37. Re5 Kg7 38. Rfe3 Rf8 39. Qc4 f4 40. Rxe6 fxg3+
41. fxg3 Rf2+ 42. Kh3 Rxe6 43. Rxe6 Qd1 44. Re7+ Kf8 45. Rf7+ Rxf7 46. Qc5+ Kg8
47. Qg5+ Rg7 48. Qf5 Qh1# 0-1

[Event "Titled Tue 27th May Early"]
[Site "chess.com INT"]
[Date "2025.05.27"]
[Round "3"]
[White "Mikhailovsky, Vladimir"]
[Black "Joseph Benher, Savio"]
[Result "0-1"]
[WhiteTitle "CM"]
[WhiteElo "2215"]
[BlackElo "2115"]
[WhiteFideId "34105414"]
[BlackFideId "2629453"]
[EventDate "2025.05.27"]

1. e4 e6 2. d4 d5 3. e5 c5 4. c3 Nc6 5. Nf3 Bd7 6. Be2 Rc8 7. O-O h6 8. Nbd2
cxd4 9. cxd4 Nge7 10. Nb3 Nf5 11. Bd3 Be7 12. Bd2 b6 13. Bc3 O-O 14. Nc1 f6 15.
Bxf5 exf5 16. Nd3 g5 17. Re1 f4 18. exf6 Bxf6 19. Nfe5 Bf5 20. Qh5 Kg7 21. Nxc6
Rxc6 22. Ne5 Rc7 23. Rac1 a5 24. Bd2 Bxe5 25. dxe5 d4 26. Qe2 d3 27. Qf3 Rc2 28.
Rcd1 Qe7 29. e6 Kg6 30. Bc3 Rd8 31. Rd2 Rd6 32. h4 Rxe6 33. h5+ Kh7 34. Red1 Re2
35. Rxd3 Rxf2 36. Qxf2 Rxf2 37. Rd8 Rxg2+ 38. Kxg2 Qe2+ 39. Kg1 Qe3+ 40. Kg2
Be4+ 41. Kf1 Qh3+ 42. Ke1 Qg3+ 43. Ke2 f3+ 44. Ke3 Qf4+ 45. Kf2 Qh2+ 46. Ke3
Qe2+ 47. Kd4 Qxd1+ 48. Kxe4 Qxd8 49. Kxf3 Qd3+ 0-1

[Event "Titled Tue 27th May Early"]
[Site "chess.com INT"]
[Date "2025.05.27"]
[Round "3"]
[White "Mariano, Fabian Glen"]
[Black "Vasilenok, Anton"]
[Result "1-0"]
[WhiteTitle "FM"]
[BlackTitle "CM"]
[WhiteElo "2402"]
[BlackElo "2137"]
[WhiteFideId "7129041"]
[BlackFideId "34133124"]
[EventDate "2025.05.27"]

1. e4 e6 2. d4 d5 3. Nc3 Nf6 4. e5 Nfd7 5. f4 c5 6. Nf3 Nc6 7. Be3 Rb8 8. Qd2
Qa5 9. Be2 b5 10. O-O b4 11. Nd1 cxd4 12. Nxd4 Nxd4 13. Bxd4 Bc5 14. Ne3 Ba6 15.
Bxa6 Qxa6 16. Rf3 Bxd4 17. Qxd4 Qb6 18. Qd2 Nc5 19. Kh1 Ne4 20. Qe2 g6 21. Ng4
h5 22. Nf6+ Nxf6 23. exf6 Qd4 24. Rd1 Qxf6 25. Rxd5 Qxb2 26. f5 O-O 27. fxe6
fxe6 28. Qxe6+ Kh8 29. Rxh5+ gxh5 30. Qh6+ Kg8 31. Rg3+ Kf7 32. Qh7+ Ke6 33.
Re3+ Kd6 34. Qe7+ Kd5 35. Rd3+ Kc4 36. Qe6+ Kb5 37. Rd5+ Kc4 38. Rd6+ Kc3 39.
Rd3+ Kxc2 40. Qe2+ Kb1 41. Rd1+ Qc1 42. Qd3+ Kb2 43. Qb3+ Ka1 44. Rxc1# 1-0

[Event "Titled Tue 27th May Early"]
[Site "chess.com INT"]
[Date "2025.05.27"]
[Round "3"]
[White "Zhukovskyi, Oleksandr"]
[Black "Gharibyan, Mamikon"]
[Result "1-0"]
[WhiteTitle "CM"]
[BlackTitle "GM"]
[WhiteElo "2153"]
[BlackElo "2472"]
[WhiteFideId "14169371"]
[BlackFideId "13308300"]
[EventDate "2025.05.27"]

1. e4 e6 2. d4 d5 3. Nc3 Nf6 4. Bg5 dxe4 5. Nxe4 Be7 6. Bxf6 gxf6 7. Nf3 f5 8.
Ng3 Qd6 9. Qd2 Nd7 10. O-O-O a6 11. Nh5 h6 12. g3 b5 13. Bg2 Bb7 14. Ng7+ Kf8
15. Nh5 Nb6 16. Nh4 Nc4 17. Qc3 Bxg2 18. Nxg2 Rg8 19. Ngf4 c6 20. h4 a5 21. Rhe1
a4 22. Nd3 a3 23. b3 Nb2 24. Nxb2 axb2+ 25. Qxb2 Qd5 26. Kb1 Bb4 27. Nf6 Qf3 28.
Rf1 Bc3 29. Qc1 b4 30. Qxh6+ Ke7 31. Nxg8+ Rxg8 32. Qe3 Qxe3 33. fxe3 Rxg3 34.
Rh1 Kf8 35. h5 Kg7 36. Rdg1 Rxg1+ 37. Rxg1+ Kh6 38. Rh1 f6 39. Kc1 e5 40. dxe5
fxe5 41. Kd1 e4 42. Ke2 Bg7 43. Rg1 Bc3 44. Rg6+ Kxh5 45. Rxc6 Kg5 46. a4 1-0

[Event "Titled Tue 27th May Early"]
[Site "chess.com INT"]
[Date "2025.05.27"]
[Round "3"]
[White "Molina, Roberto Junio Brito"]
[Black "Wijerathna, Vinuka Dihain"]
[Result "0-1"]
[WhiteTitle "IM"]
[BlackTitle "CM"]
[WhiteElo "2381"]
[BlackElo "2063"]
[WhiteFideId "2109450"]
[BlackFideId "29981905"]
[EventDate "2025.05.27"]

1. d4 Nf6 2. c4 g6 3. f3 c5 4. d5 Bg7 5. e4 d6 6. Nc3 a6 7. Be3 Nbd7 8. Qd2 Qa5
9. a4 O-O 10. h3 Ne8 11. f4 Nc7 12. Ra3 Qb4 13. Qc2 b5 14. Bd2 bxc4 15. Nb5 Nxb5
16. axb5 Qxb5 17. Bxc4 Qxb2 18. Qxb2 Bxb2 19. Ra2 Bg7 20. Ba5 Rb8 21. Kd2 Rb1
22. Kc2 Rb8 23. Nf3 Nf6 24. Re1 Nxe4 25. Rxe4 Bf5 26. Nd2 e6 27. dxe6 Bxe4+ 28.
Nxe4 fxe6 29. Bxe6+ Kh8 30. g3 Rfe8 31. Bd5 c4 32. Bc3 Rb3 33. Rxa6 Bxc3 34.
Nxc3 Re3 35. Ne4 Re2+ 36. Kc1 Rf3 37. Kd1 Rh2 38. Nd2 Rff2 39. Ra8+ Kg7 40. Ra7+
Kh6 41. Ke1 Rxd2 42. Bf3 Rb2 43. Ra1 c3 0-1

[Event "Titled Tue 27th May Early"]
[Site "chess.com INT"]
[Date "2025.05.27"]
[Round "3"]
[White "Karttunen, Mika"]
[Black "Kilic, Eray"]
[Result "0-1"]
[WhiteTitle "IM"]
[BlackTitle "IM"]
[WhiteElo "2490"]
[BlackElo "2469"]
[WhiteFideId "502081"]
[BlackFideId "44517173"]
[EventDate "2025.05.27"]

1. d4 Nf6 2. c4 g6 3. Nc3 d5 4. cxd5 Nxd5 5. e4 Nxc3 6. bxc3 Bg7 7. Be3 c5 8.
Qd2 Nc6 9. Nf3 Bg4 10. d5 Bxf3 11. gxf3 Ne5 12. Be2 O-O 13. h4 Qa5 14. Rc1 h5
15. f4 Nd7 16. e5 Rad8 17. c4 Qc7 18. Rg1 a6 19. a4 e6 20. Bf3 b5 21. axb5 axb5
22. d6 Qb6 23. Rb1 b4 24. Qa2 Kh7 25. Be4 Kh8 26. Ke2 Nb8 27. Qc2 Nc6 28. Qd3
Ra8 29. Bxg6 Ra2+ 30. Kf1 fxg6 31. Qxg6 Qb7 32. Qxh5+ Kg8 33. Qg4 Qf7 34. Rg2
Rfa8 35. h5 Ra1 36. Rxa1 Rxa1+ 37. Ke2 Kf8 38. Qf3 Ra2+ 39. Kf1 Nxe5 40. Qd1 Nd7
41. Rg6 Ra1 42. Bc1 Bb2 43. Qf3 Rxc1+ 44. Kg2 Ra1 45. Qc6 Qe8 46. Qe4 Nf6 47.
Qf3 Qa8 48. d7 Nxd7 49. Rxe6 Rg1+ 0-1

[Event "Titled Tue 27th May Early"]
[Site "chess.com INT"]
[Date "2025.05.27"]
[Round "3"]
[White "Aslanov, Umid"]
[Black "Bortnyk, Olexandr"]
[Result "0-1"]
[WhiteTitle "FM"]
[BlackTitle "GM"]
[WhiteElo "2324"]
[BlackElo "2601"]
[WhiteFideId "13412620"]
[BlackFideId "14120828"]
[EventDate "2025.05.27"]

1. e4 Nf6 2. e5 Nd5 3. d4 d6 4. c4 Nb6 5. exd6 exd6 6. Nc3 Be7 7. Nf3 O-O 8. Be2
Bg4 9. b3 Nc6 10. Be3 Re8 11. O-O Bf6 12. h3 Bh5 13. Rc1 h6 14. Qd2 d5 15. c5
Nc8 16. b4 a6 17. Rb1 N8e7 18. a4 Bg6 19. Bd3 Nf5 20. b5 axb5 21. axb5 Na5 22.
Qc2 Rxe3 23. fxe3 Nxe3 24. Qe2 Nxf1 25. Rxf1 Bxd3 26. Qxd3 Nc4 27. Nd2 Ra3 28.
Ndb1 Rb3 29. Kh1 c6 30. bxc6 bxc6 31. Nd2 Nxd2 32. Qxd2 Qa5 33. Rf3 Qb4 34. Qe3
Qxd4 35. Qe8+ Kh7 36. Ne2 Rb1+ 37. Kh2 Qe5+ 38. Qxe5 Bxe5+ 39. g3 Rb2 40. Rf2
Bd4 41. Rg2 Bxc5 42. Nf4 Rxg2+ 43. Kxg2 Bd6 44. Ne2 Kg6 45. Kf3 Kf6 46. g4 c5
47. Ke3 Ke5 48. Kf3 d4 49. Nf4 c4 50. Nh5 Bf8 51. Ng3 c3 52. Ke2 Kf4 53. Nh5+
Ke4 54. Ng3+ Kf4 55. Nh5+ Kg5 56. Ng3 Kh4 57. Nf5+ Kxh3 58. g5 hxg5 59. Nxd4 g4
60. Kd3 g3 61. Kxc3 g2 62. Nf3 Bc5 63. Ng5+ Kg4 64. Nh3 0-1

[Event "Titled Tue 27th May Early"]
[Site "chess.com INT"]
[Date "2025.05.27"]
[Round "3"]
[White "Smirnova, Ekaterina"]
[Black "Tifferet, Shakked"]
[Result "1/2-1/2"]
[WhiteTitle "WIM"]
[BlackTitle "FM"]
[WhiteElo "2096"]
[BlackElo "2332"]
[WhiteFideId "4110943"]
[BlackFideId "2811529"]
[EventDate "2025.05.27"]

1. d4 Nf6 2. c4 b6 3. Nc3 Bb7 4. f3 d5 5. cxd5 Nxd5 6. e4 Nxc3 7. bxc3 g6 8. Be3
Bg7 9. Bc4 O-O 10. Ne2 e6 11. O-O Nd7 12. Qd2 c5 13. Bh6 Rc8 14. Bxg7 Kxg7 15.
Rac1 Nf6 16. Rfd1 Qe7 17. Qe3 Rfd8 18. Ng3 cxd4 19. cxd4 Qb4 20. Qb3 Qxb3 21.
axb3 a6 22. Ne2 Rc7 23. Kf2 h5 24. h4 Kf8 25. Ke3 Ke7 26. Bd3 Rdc8 27. Rxc7+
Rxc7 28. Rc1 Rxc1 29. Nxc1 a5 30. Kd2 Bc6 31. Kc3 Kd8 32. Be2 Ke7 33. Nd3 Nd7
34. Bd1 Bb5 35. Bc2 Bxd3 36. Bxd3 e5 37. g3 Kd6 38. f4 exd4+ 39. Kxd4 f6 40. Bc4
Nc5 41. Bf7 Ke7 42. Bxg6 Nxb3+ 43. Kc3 Nc5 44. Kc4 a4 45. Kb4 b5 46. e5 fxe5 47.
fxe5 Ne6 48. Bxh5 Nd4 49. Bd1 Ke6 50. h5 Kxe5 51. g4 Kf6 52. h6 Kg6 53. g5 Kh7
54. Kc3 Ne6 55. Bc2+ Kg8 56. g6 Nf4 57. Kb4 Nxg6 58. Bxg6 Kh8 59. Bb1 a3 60.
Kxa3 b4+ 61. Kxb4 Kg8 62. h7+ Kh8 63. Kc5 Kg7 64. Kd6 Kh8 65. Ke7 Kg7 66. Ke6
Kh8 67. Kf7 1/2-1/2

[Event "Titled Tue 27th May Early"]
[Site "chess.com INT"]
[Date "2025.05.27"]
[Round "3"]
[White "Jval Saurin Patel"]
[Black "Goncharov, Vladimir"]
[Result "1-0"]
[WhiteTitle "FM"]
[WhiteElo "2334"]
[BlackElo "2077"]
[WhiteFideId "25968343"]
[BlackFideId "34162256"]
[EventDate "2025.05.27"]

1. d4 Nf6 2. c4 c5 3. d5 e6 4. Nc3 exd5 5. cxd5 d6 6. e4 g6 7. f4 Bg7 8. Nf3 O-O
9. Be2 Re8 10. e5 dxe5 11. fxe5 Ng4 12. e6 fxe6 13. d6 a6 14. O-O Nc6 15. Kh1 e5
16. Bc4+ Kh8 17. Bg5 Qd7 18. Na4 Nd4 19. Nb6 Qxd6 20. Nxa8 Bf5 21. h3 Nf6 22.
Be3 h6 23. Qd2 Kh7 24. Bxd4 cxd4 25. Nh4 Be4 26. Rae1 b5 27. Bd3 Bxd3 28. Qxd3
e4 29. Qb3 Rxa8 30. Qf7 Nh5 31. Nf5 gxf5 32. Qxh5 e3 33. Qxf5+ Qg6 34. Qd5 Re8
35. Rf3 Kh8 36. Qd7 Qe6 37. Qb7 d3 38. Rfxe3 Qxe3 39. Rxe3 Rxe3 40. Qb8+ Kh7 41.
Qd8 Be5 42. Kg1 Bg3 43. Qd7+ 1-0

[Event "Titled Tue 27th May Early"]
[Site "chess.com INT"]
[Date "2025.05.27"]
[Round "3"]
[White "Karpenko, Anton"]
[Black "Descarrega Zacarias, Vanessa"]
[Result "1-0"]
[WhiteTitle "CM"]
[WhiteElo "2218"]
[BlackElo "1882"]
[WhiteFideId "34374353"]
[BlackFideId "3915530"]
[EventDate "2025.05.27"]

1. e4 c5 2. Nf3 d6 3. d4 cxd4 4. Nxd4 Nf6 5. Nc3 a6 6. f3 e6 7. g4 Be7 8. Be3
Nc6 9. Qd2 Qc7 10. O-O-O Ne5 11. Kb1 Rb8 12. h4 b5 13. h5 Nc4 14. Bxc4 bxc4 15.
Qe2 Nd7 16. g5 Nf8 17. Bc1 a5 18. f4 a4 19. a3 Bd7 20. Ka1 Qc5 21. f5 e5 22. Nf3
Bc6 23. Be3 Qa5 24. Qxc4 Bb5 25. Nxb5 Qxb5 26. Qxb5+ Rxb5 27. c4 Rb3 28. Rhe1
Nd7 29. Nd2 Rb7 30. Nb1 Nc5 31. Bxc5 dxc5 32. Nc3 Bxg5 33. Nxa4 Ra7 34. Nxc5 Rc7
35. Rd5 Ke7 36. b4 Bf6 37. Kb2 Rhc8 38. Kb3 h6 39. a4 g6 40. hxg6 fxg6 41. fxg6
Bg5 42. Rh1 Kf6 43. Nd7+ Kxg6 44. Nxe5+ Kf6 45. c5 Ke6 46. Kc4 Rf8 47. Nd3 Rf3
48. Re1 Rcf7 49. a5 Bd2 50. Re2 Bg5 51. a6 Ra7 52. b5 Ke7 53. Ne5 Rf4 54. Nc6+
Ke8 55. Nxa7 1-0

[Event "Titled Tue 27th May Early"]
[Site "chess.com INT"]
[Date "2025.05.27"]
[Round "3"]
[White "Mafra, Kaiser Luiz"]
[Black "Safin Safarullakhan"]
[Result "0-1"]
[WhiteTitle "CM"]
[BlackTitle "CM"]
[WhiteElo "2094"]
[BlackElo "2109"]
[WhiteFideId "2106698"]
[BlackFideId "33379475"]
[EventDate "2025.05.27"]

1. e4 c5 2. d4 cxd4 3. c3 dxc3 4. Nxc3 Nc6 5. Bc4 d6 6. Nf3 a6 7. O-O Nf6 8. e5
dxe5 9. Qxd8+ Nxd8 10. Nxe5 Be6 11. Rd1 Bxc4 12. Nxc4 b5 13. Ne5 g6 14. Bg5 Bg7
15. Bxf6 Bxf6 16. Nd7 Ne6 17. Nxf6+ exf6 18. Nd5 f5 19. Nf6+ Ke7 20. Nd5+ Kf8
21. Rac1 Kg7 22. Nb6 Rad8 23. g3 Nd4 24. Kg2 Rhe8 25. Rc7 f4 26. gxf4 Ne6 27.
Rxd8 Rxd8 28. Ra7 Rd4 29. Rxa6 Rd3 30. Kf1 Nxf4 31. Ke1 Rd6 32. b3 Nd3+ 33. Ke2
Nb4 34. Ra7 Rxb6 35. a3 Nc6 36. Rc7 Nd4+ 37. Kd3 Nxb3 38. Kc3 Na5 39. Kb4 Nb7
40. h4 Nd8 41. Kc5 Ra6 42. Kxb5 Rxa3 43. Kc4 Ne6 44. Rb7 Rh3 45. Kd5 Rxh4 46.
Ke5 Rf4 47. Kd6 Rxf2 0-1

[Event "Titled Tue 27th May Early"]
[Site "chess.com INT"]
[Date "2025.05.27"]
[Round "3"]
[White "Bakhmatsky, Vladislav"]
[Black "Nguyen Quang Anh"]
[Result "1-0"]
[WhiteTitle "IM"]
[BlackTitle "CM"]
[WhiteElo "2433"]
[BlackElo "2052"]
[WhiteFideId "14124890"]
[BlackFideId "12432377"]
[EventDate "2025.05.27"]

1. b4 Nf6 2. Bb2 g6 3. e3 Bg7 4. Nf3 O-O 5. d4 b6 6. c4 Bb7 7. Be2 d6 8. O-O
Nbd7 9. Nc3 Ne4 10. Qb3 e5 11. dxe5 Nxe5 12. Nxe4 Bxe4 13. Nd2 Bb7 14. f4 Nd7
15. Bxg7 Kxg7 16. Bf3 Bxf3 17. Rxf3 f5 18. Re1 Qh4 19. g3 Qf6 20. Nb1 Rae8 21.
Nc3 c6 22. Qc2 Qe6 23. Qd3 Nf6 24. Rd1 d5 25. cxd5 cxd5 26. Qd4 Rd8 27. Rf2 Rfe8
28. Re2 Kg8 29. Nb5 Rc8 30. Nxa7 Rc4 31. Qd3 Rxb4 32. Nb5 Qe4 33. Nc3 Qc4 34.
Nxd5 Ne4 35. Nxb4 Qxb4 36. Qd5+ Kf8 37. Rc2 Nc3 38. Qd6+ Qxd6 39. Rxd6 Ne4 40.
Rxb6 Rd8 41. Rbc6 Rd1+ 42. Kg2 Ke7 43. a4 Ra1 44. Rc7+ Kd6 45. Ra7 Nc5 46. a5
Kd5 47. Ra8 Nd3 48. Rd8+ Ke4 49. Re8+ Kd5 50. Rd2 Kc4 51. Rc8+ Nc5 52. Rc2+ Kd3
53. R8xc5 Kxe3 54. R5c3+ Kd4 55. Rc5 Ke4 56. Re5+ Kd3 57. Rce2 Kd4 58. Re1 Kd3
59. Rxa1 1-0

[Event "Titled Tue 27th May Early"]
[Site "chess.com INT"]
[Date "2025.05.27"]
[Round "3"]
[White "Przybylski, Bartosz"]
[Black "Krsnik Cohar, Ivan Vihor"]
[Result "0-1"]
[WhiteTitle "CM"]
[BlackTitle "FM"]
[WhiteElo "2107"]
[BlackElo "2362"]
[WhiteFideId "21878323"]
[BlackFideId "14520044"]
[EventDate "2025.05.27"]

1. e4 d5 2. d3 dxe4 3. dxe4 Qxd1+ 4. Kxd1 Nc6 5. Nf3 Bd7 6. Bf4 O-O-O 7. Nbd2 f6
8. c3 e5 9. Be3 h5 10. Kc2 g5 11. Bc4 h4 12. h3 Nge7 13. Rad1 Ng6 14. Nb3 Nf4
15. Ne1 Bd6 16. Nc5 Bxc5 17. Bxc5 Be6 18. Bxe6+ Nxe6 19. Rxd8+ Kxd8 20. Be3 Nf4
21. Bxf4 gxf4 22. f3 Rg8 23. Rf1 Ke7 24. Rf2 Nd8 25. Rd2 Nf7 26. Nd3 Nd6 27. Ne1
f5 28. exf5 Nxf5 29. Re2 Kf6 30. Kb3 Rd8 31. Nc2 Rd1 32. a4 a5 33. Na3 Rd3 34.
Kc2 Rd5 35. Nc4 b5 36. axb5 Rxb5 37. b3 Rc5 38. Nd2 Nd4+ 39. Kd3 Rxc3+ 40. Kxc3
Nxe2+ 41. Kc4 Nd4 42. Ne4+ Kf5 43. Nc5 Nc2 44. Nb7 Ne3+ 45. Kc5 Nxg2 46. Nxa5
Ne1 47. Nc6 Nxf3 48. Ne7+ Ke6 49. Nd5 Ng5 50. Nxc7+ Kf5 51. Nd5 f3 52. b4 f2 53.
Ne3+ Ke4 54. Nf1 Kf3 55. b5 e4 56. b6 e3 57. b7 e2 58. Nd2+ Kg2 59. b8=Q e1=Q
60. Qb7+ Kh2 61. Qc7+ Kxh3 62. Qd7+ Ne6+ 63. Kb6 Qe3+ 64. Kb7 Qxd2 65. Qxe6+ Kg3
66. Qg6+ Kf3 67. Qf5+ Qf4 68. Qd3+ Kg2 69. Qd5+ Qf3 70. Qc6 f1=Q 71. Kb8 0-1

[Event "Titled Tue 27th May Early"]
[Site "chess.com INT"]
[Date "2025.05.27"]
[Round "3"]
[White "Velikanov, Alexander"]
[Black "Vakhidov, Jakhongir"]
[Result "1/2-1/2"]
[WhiteTitle "IM"]
[BlackTitle "GM"]
[WhiteElo "2372"]
[BlackElo "2546"]
[WhiteFideId "2039290"]
[BlackFideId "14201801"]
[EventDate "2025.05.27"]

1. e4 c5 2. Nf3 g6 3. d4 cxd4 4. c3 d3 5. Bxd3 Bg7 6. c4 Nc6 7. O-O d6 8. h3 Nf6
9. Nc3 O-O 10. Re1 Nd7 11. Be3 Nc5 12. Bc2 Be6 13. Qe2 Na5 14. Nd5 Bxb2 15. Rab1
Bg7 16. Bd4 Nc6 17. Bxg7 Kxg7 18. Qe3 f6 19. h4 h5 20. Nd2 Ne5 21. Qe2 b6 22. f4
Bg4 23. Qe3 Nc6 24. e5 dxe5 25. fxe5 Nxe5 26. Qc3 Qd6 27. Re3 e6 28. Nf4 Bf5 29.
Rbe1 Rad8 30. Nf3 Nxf3+ 31. Rxf3 Qd4+ 32. Qxd4 Rxd4 33. Bxf5 exf5 34. Re7+ Rf7
35. Re8 Rxc4 36. Ra8 Rd7 37. Kh2 a5 38. Rb8 Rdd4 39. Nh3 Nd3 40. Rxb6 Ne5 41.
Rfb3 Rg4 42. Rb8 Rc2 43. R3b7+ Nf7 44. Ra8 Rcxg2+ 45. Kh1 R2g3 46. Kh2 Rg2+ 47.
Kh1 R2g3 48. Kh2 f4 49. Raa7 Rxh4 50. Rxf7+ Kg8 51. Rg7+ Kh8 52. Rh7+ Kg8 53.
Rhg7+ Kh8 54. Rh7+ Kg8 55. Rhg7+ 1/2-1/2

[Event "Titled Tue 27th May Early"]
[Site "chess.com INT"]
[Date "2025.05.27"]
[Round "3"]
[White "So, Wesley"]
[Black "Priasmoro, Novendra"]
[Result "1-0"]
[WhiteTitle "GM"]
[BlackTitle "GM"]
[WhiteElo "2751"]
[BlackElo "2437"]
[WhiteFideId "5202213"]
[BlackFideId "7105029"]
[EventDate "2025.05.27"]

1. b3 Nf6 2. Bb2 g6 3. c4 Bg7 4. g3 O-O 5. Bg2 d6 6. d4 e5 7. Nf3 Nc6 8. O-O e4
9. Ne1 Bf5 10. Nc3 h5 11. Nc2 Qd7 12. Re1 Rfe8 13. Ne3 Bh3 14. Bh1 h4 15. Qd2
Bh6 16. Ned5 Bxd2 17. Nxf6+ Kf8 18. Nxd7+ Bxd7 19. Nxe4 Bxe1 20. Rxe1 hxg3 21.
hxg3 Bg4 22. Bc3 f5 23. Ng5 Rxe2 24. Ne6+ Kf7 25. Rxe2 Bxe2 26. Nxc7 Rc8 27. Nb5
Ke7 28. d5 Ne5 29. Bb4 Nf3+ 30. Bxf3 Bxf3 31. Nxd6 Rh8 32. Nxf5+ Kf7 33. Nh4 Be4
34. Bc3 Re8 35. f4 b5 36. d6 bxc4 37. bxc4 Rc8 38. Ba5 Ke6 39. Bc7 Rg8 40. Kf2
g5 41. Nf3 gxf4 42. gxf4 Bb7 43. Ne5 Rg2+ 44. Ke3 Rg3+ 45. Kd4 Rg1 46. d7 Rd1+
47. Kc5 Rxd7 48. Nxd7 Kxd7 49. Bb8 a6 50. Kb6 Bc8 51. c5 Ke6 52. c6 Kd5 53. Be5
Bf5 54. a3 a5 55. c7 a4 56. Kb7 1-0